[Event "Canadian zt (Women)"]
[Site "Toronto"]
[Date "2024.03.30"]
[Round "5"]
[White "Demchenko, Svitlana"]
[Black "Pham, Bich Ngoc"]
[Result "1-0"]
[WhiteElo "2141"]
[BlackElo "2206"]
[PlyCount "113"]
[EventDate "2024.03.28"]
[EventType "team-swiss"]
[EventRounds "9"]
[EventCountry "CAN"]
[SourceTitle "CB15_2024"]
[SourceDate "2024.04.10"]
[SourceVersion "1"]
[SourceVersionDate "2024.04.10"]
[SourceQuality "1"]

1. d4 Nf6 2. Nf3 e6 3. Bf4 b6 4. e3 Bb7 5. Nbd2 c5 6. Bd3 Nc6 7. c3 Be7 8. h3 0-0 9. Qe2 d6 10. 0-0 Nd7 11. Rad1 Qc7 12. Bg3 e5 13. dxe5 Ncxe5 14. Be4 f5 15. Bxb7 Qxb7 16. Nc4 Qa6 17. Nfxe5 Nxe5 18. Bxe5 dxe5 19. e4 f4 20. f3 Qxa2 21. Nxe5 Qe6 22. Qc4 Qxc4 23. Nxc4 Rfd8 24. Ne5 Bf6 25. Nc6 Rdc8 26. Rd6 Rc7 27. Rfd1 Kf7 28. Nd8+ Bxd8 29. Rxd8 Rxd8 30. Rxd8 c4 31. Kf2 Rb7 32. g3 fxg3+ 33. Kxg3 b5 34. Kf4 a5 35. Ra8 a4 36. e5 Rb6 37. Ke4 Rh6 38. Rb8 Rxh3 39. Rxb5 g5 40. Rb4 Ke6 41. Rb6+ Ke7 42. Ra6 h5 43. Rxa4 Rh2 44. Kf5 g4 45. fxg4 h4 46. Rxc4 Rf2+ 47. Rf4 Rxb2 48. Rf3 Rh2 49. g5 Rh1 50. g6 h3 51. c4 h2 52. Rf2 Kf8 53. Kf6 Kg8 54. c5 Rc1 55. Rxh2 Rxc5 56. g7 Rc6+ 57. e6 1-0

[Event "Canadian zt (Women)"]
[Site "Toronto"]
[Date "2024.03.30"]
[Round "4"]
[White "Pham, Bich Ngoc"]
[Black "Li, Yunshan"]
[Result "1/2-1/2"]
[WhiteElo "2206"]
[BlackElo "2262"]
[PlyCount "136"]
[EventDate "2024.03.28"]
[EventType "team-swiss"]
[EventRounds "9"]
[EventCountry "CAN"]
[SourceTitle "CB15_2024"]
[SourceDate "2024.04.10"]
[SourceVersion "1"]
[SourceVersionDate "2024.04.10"]
[SourceQuality "1"]

1. c4 c5 2. g3 Nf6 3. Bg2 Nc6 4. Nf3 d5 5. cxd5 Nxd5 6. d4 cxd4 7. Nxd4 Ndb4 8. Nxc6 Qxd1+ 9. Kxd1 bxc6 10. Bd2 Nd5 11. Nc3 e6 12. Rc1 Be7 13. Na4 0-0 14. f4 Rb8 15. Ke1 Bb4 16. Bxb4 Rxb4 17. b3 Ne7 18. Nc5 Rd8 19. Kf2 Rbd4 20. Rc2 e5 21. fxe5 Bf5 22. Rc4 Rxc4 23. bxc4 Ng6 24. Ke3 Re8 25. Kd4 Nxe5 26. h3 f6 27. e4 Be6 28. Bf1 Kf7 29. Be2 Rb8 30. Kc3 Ke7 31. g4 Kd6 32. Na6 Rb7 33. Rd1+ Ke7 34. a4 Nd7 35. a5 g6 36. Nb4 Ne5 37. c5 Rd7 38. Rf1 Rb7 39. Rd1 Rd7 40. Rb1 f5 41. exf5 gxf5 42. Re1 Kf6 43. Rf1 h5 44. gxf5 Bd5 45. h4 Bf7 46. a6 Re7 47. Bd3 Nxd3 48. Kxd3 Re5 49. Kd4 Bd5 50. Rf4 Bh1 51. Nd3 Rxf5 52. Ke3 Bg2 53. Rb4 Bf1 54. Rb6 Bxd3 55. Rxc6+ Ke5 56. Kxd3 Kd5 57. Rc7 Rf3+ 58. Ke2 Rf4 59. Rxa7 Kxc5 60. Rc7+ Kb6 61. a7 Ra4 62. Rh7 Rxa7 63. Rxh5 Kc6 64. Kf3 Kd6 65. Rb5 Ke6 66. Kf4 Kf6 67. Rb6+ Kg7 68. h5 Ra4+ 1/2-1/2

[Event "Victoria Grand Pacific op"]
[Site "Victoria"]
[Date "2023.04.08"]
[Round "3"]
[White "Wang, Howard"]
[Black "Pham, Bich Ngoc"]
[Result "0-1"]
[WhiteElo "1894"]
[BlackElo "2238"]
[PlyCount "48"]
[EventDate "2023.04.07"]
[EventType "swiss"]
[EventRounds "6"]
[EventCountry "CAN"]
[SourceTitle "CBM 213 Extra"]
[Source "ChessBase"]
[SourceDate "2023.05.31"]
[SourceVersion "1"]
[SourceVersionDate "2023.05.31"]
[SourceQuality "1"]

1. e4 c5 2. Nf3 Nc6 3. d4 cxd4 4. Nxd4 g6 5. Be2 Bg7 6. Nb3 Nf6 7. Nc3 d6 8. 0-0 0-0 9. Bf4 a5 10. a4 Be6 11. Ra3 Rc8 12. Qd2 Nb4 13. Bf3 Nd7 14. Nc1 Nb6 15. Be2 d5 16. Bd3 dxe4 17. Nxe4 Bxb2 18. Bh6 Bxa3 19. Bxf8 Qxf8 20. Ne2 Nxd3 21. cxd3 Bb4 22. Qg5 f6 23. Qb5 Qd8 24. Nf4 Bd7 0-1

[Event "Speed Chess (Women) Q1"]
[Site "Chess.com INT"]
[Date "2022.05.25"]
[Round "4"]
[White "Marjanovic, Annamaria"]
[Black "Pham, Bich Ngoc"]
[Result "1/2-1/2"]
[WhiteElo "2353"]
[BlackElo "2240"]
[PlyCount "143"]
[EventDate "2022.05.24"]
[EventType "swiss (blitz)"]
[EventRounds "14"]
[EventCountry "USA"]
[SourceTitle "CBM 208 Extra"]
[Source "ChessBase"]
[SourceDate "2022.07.31"]
[SourceVersion "1"]
[SourceVersionDate "2022.07.31"]
[SourceQuality "1"]

1. d4 Nf6 2. c4 c5 3. d5 b5 4. cxb5 a6 5. bxa6 Bxa6 6. Nc3 d6 7. g3 g6 8. Bg2 Nbd7 9. Rb1 Bg7 10. Nf3 0-0 11. 0-0 Ng4 12. h3 Nge5 13. Nxe5 Nxe5 14. b3 Qc7 15. Bb2 Rfb8 16. Qc2 c4 17. Rfc1 cxb3 18. axb3 Qb7 19. Ba1 Rc8 20. Qd2 Qb4 21. Qf4 Qxf4 22. gxf4 Nd7 23. Bf3 Bh6 24. Na4 Bxf4 25. e3 Be5 26. Bxe5 Nxe5 27. Be4 Rxc1+ 28. Rxc1 Rb8 29. Rb1 Rb4 30. Bc2 f5 31. Nc3 Kg7 32. f4 Nd7 33. Kf2 Nc5 34. Ke1 Bd3 35. Kd2 Bxc2 36. Kxc2 h6 37. Ne2 Re4 38. Kd2 Rb4 39. Nd4 Kf6 40. Kc3 Rb7 41. b4 Ne4+ 42. Kd3 g5 43. b5 g4 44. hxg4 fxg4 45. Kxe4 h5 46. Rh1 Kg6 47. f5+ Kh6 48. Rf1 Rb8 49. f6 exf6 50. Rxf6+ Kg5 51. Rf5+ Kh4 52. Rf1 g3 53. Rh1+ Kg4 54. Ne6 h4 55. Rf1 Rxb5 56. Rf4+ Kh3 57. Ng5+ Kg2 58. Kf5 h3 59. Nxh3 Kxh3 60. e4 g2 61. Rf3+ Kh2 62. Rf2 Kg3 63. Rxg2+ Kxg2 64. Ke6 Rb6 65. e5 dxe5+ 66. Kxe5 Kf3 67. d6 Rb5+ 68. Ke6 Ke4 69. d7 Rb6+ 70. Ke7 Rb7 71. Ke8 Rxd7 72. Kxd7 1/2-1/2

[Event "Speed Chess (Women) Q1"]
[Site "Chess.com INT"]
[Date "2022.05.25"]
[Round "9"]
[White "Pham, Bich Ngoc"]
[Black "Ambartsumova, Karina"]
[Result "0-1"]
[WhiteElo "2240"]
[BlackElo "2386"]
[PlyCount "112"]
[EventDate "2022.05.24"]
[EventType "swiss (blitz)"]
[EventRounds "14"]
[EventCountry "USA"]
[SourceTitle "CBM 208 Extra"]
[Source "ChessBase"]
[SourceDate "2022.07.31"]
[SourceVersion "1"]
[SourceVersionDate "2022.07.31"]
[SourceQuality "1"]

1. d4 Nf6 2. Nf3 g6 3. Bf4 Bg7 4. c4 d6 5. Nc3 0-0 6. Qd2 c5 7. d5 a6 8. Bh6 b5 9. Bxg7 Kxg7 10. cxb5 axb5 11. Nxb5 Ne4 12. Qe3 Qa5+ 13. Nc3 Nxc3 14. Qxc3+ Qxc3+ 15. bxc3 Ra3 16. Kd2 Bf5 17. e3 Nd7 18. Bd3 Bxd3 19. Kxd3 Nf6 20. e4 Rfa8 21. Nd2 Rxa2 22. Rxa2 Rxa2 23. f3 Nd7 24. Rc1 Ne5+ 25. Ke3 g5 26. h3 h5 27. g3 f6 28. f4 Ng6 29. fxg5 fxg5 30. Nf3 Rg2 31. Rg1 Rxg1 32. Nxg1 Kf6 33. Nf3 h4 34. g4 Nf4 35. Ng1 e6 36. c4 exd5 37. exd5 Ng6 38. Nf3 Ne5 39. Ke4 Nxc4 40. Ne1 Ne5 41. Nc2 Ng6 42. Ne3 Nf4 43. Nf5 Nxh3 44. Nxd6 Nf4 45. Nf5 h3 46. Ng3 h2 47. Kf3 Ke5 48. Kf2 Kxd5 49. Kf3 Kd4 50. Nf5+ Kd3 51. Ng3 c4 52. Kf2 c3 53. Nh1 c2 54. Kg3 c1Q 55. Kxh2 Qd2+ 56. Kg3 Qg2# 0-1

[Event "Speed Chess (Women) Q1"]
[Site "Chess.com INT"]
[Date "2022.05.25"]
[Round "7"]
[White "Pham, Bich Ngoc"]
[Black "Girya, Olga"]
[Result "0-1"]
[WhiteElo "2240"]
[BlackElo "2408"]
[PlyCount "124"]
[EventDate "2022.05.24"]
[EventType "swiss (blitz)"]
[EventRounds "14"]
[EventCountry "USA"]
[SourceTitle "CBM 208 Extra"]
[Source "ChessBase"]
[SourceDate "2022.07.31"]
[SourceVersion "1"]
[SourceVersionDate "2022.07.31"]
[SourceQuality "1"]

1. d4 d5 2. Nf3 Nf6 3. Bf4 c5 4. c3 Nc6 5. e3 Qb6 6. Qb3 c4 7. Qxb6 axb6 8. Nbd2 b5 9. b4 Bf5 10. Be2 Ra3 11. 0-0 e6 12. Rfc1 h6 13. h3 Be7 14. Ne5 0-0 15. g4 Bh7 16. h4 Nxe5 17. dxe5 Ne4 18. Nb1 Rfa8 19. Nxa3 Rxa3 20. h5 Nxc3 21. Rxc3 Rxc3 22. a4 bxa4 23. Rxa4 g5 24. hxg6 Bxg6 25. Bxh6 Kh7 26. Bf4 Rb3 27. Kg2 c3 28. b5 c2 29. e4 Bxe4+ 30. f3 Bd3 31. Bxd3+ Rxd3 32. Ra1 Rd1 33. Rc1 Rxc1 34. Bxc1 f6 35. f4 fxe5 36. fxe5 Kg6 37. Kf3 Bg5 38. Ke2 Bxc1 39. Kd3 Bb2 40. Kxc2 Bxe5 41. Kd3 Kg5 42. Ke3 Bd6 43. Kd4 b6 44. Kd3 e5 45. Ke3 Kxg4 46. Ke2 d4 47. Kd3 Kf5 48. Ke2 e4 49. Kf2 d3 50. Ke3 Bc5+ 51. Kd2 Kf4 52. Ke1 e3 53. Kf1 e2+ 54. Ke1 Bb4+ 55. Kf2 e1Q+ 56. Kg2 Qe2+ 57. Kh1 Qf1+ 58. Kh2 Qf2+ 59. Kh1 Qf3+ 60. Kh2 Qg4 61. Kh1 Kf3 62. Kh2 Qg2# 0-1

[Event "Speed Chess (Women) Q1"]
[Site "Chess.com INT"]
[Date "2022.05.25"]
[Round "1"]
[White "Pham, Bich Ngoc"]
[Black "Tarasova, Viktoriya"]
[Result "1/2-1/2"]
[WhiteElo "2240"]
[BlackElo "2226"]
[PlyCount "135"]
[EventDate "2022.05.24"]
[EventType "swiss (blitz)"]
[EventRounds "14"]
[EventCountry "USA"]
[SourceTitle "CBM 208 Extra"]
[Source "ChessBase"]
[SourceDate "2022.07.31"]
[SourceVersion "1"]
[SourceVersionDate "2022.07.31"]
[SourceQuality "1"]

1. d4 Nf6 2. Nf3 e6 3. Bf4 c5 4. c3 d5 5. e3 Nc6 6. h3 Bd6 7. dxc5 Bxc5 8. Bd3 0-0 9. 0-0 Qe7 10. Ne5 Bd6 11. Nxc6 bxc6 12. Nd2 e5 13. Bh2 Rb8 14. Rb1 Be6 15. b3 Rfd8 16. Qe2 e4 17. Bxd6 Qxd6 18. Bc2 h6 19. Rfd1 Qc7 20. c4 Rd7 21. Rbc1 Qa5 22. Bb1 Rbd8 23. c5 Bf5 24. Nf1 d4 25. exd4 Rxd4 26. Rxd4 Rxd4 27. Ng3 Bg6 28. Qe3 Qd8 29. Kh2 h5 30. Ne2 Rd1 31. Bc2 Rxc1 32. Qxc1 Qe7 33. Nf4 Qxc5 34. Nxg6 fxg6 35. Qd2 Qe5+ 36. g3 Nd5 37. Qe2 e3 38. fxe3 Qxe3 39. Qxe3 Nxe3 40. Bxg6 Nd1 41. Bxh5 Nc3 42. a3 c5 43. Bf3 Kf8 44. b4 cxb4 45. axb4 Ke7 46. h4 Kd6 47. h5 Na2 48. b5 Nc3 49. Bc6 Ne2 50. g4 Nd4 51. Be8 Ke7 52. Bc6 Kd6 53. g5 Ke7 54. Kh3 Ne6 55. Kg4 Nd4 56. h6 gxh6 57. gxh6 Kf8 58. Kh5 Kg8 59. Kg6 Kh8 60. Kf7 Nxb5 61. Bxb5 Kh7 62. Kf6 Kxh6 63. Ba6 Kh5 64. Ke7 Kh6 65. Kd7 Kg6 66. Kc7 Kf6 67. Kb7 Ke5 68. Kxa7 1/2-1/2

[Event "Canadian Qual (Women) Online"]
[Site "ICC INT"]
[Date "2021.06.02"]
[Round "1"]
[White "Demchenko, Svitlana"]
[Black "Pham, Bich Ngoc"]
[Result "1-0"]
[WhiteElo "2071"]
[BlackElo "2235"]
[PlyCount "43"]
[EventDate "2021.06.02"]
[EventType "tourn (rapid)"]
[EventRounds "10"]
[EventCountry "CAN"]
[SourceTitle "CBM 202 Extra"]
[Source "ChessBase"]
[SourceDate "2021.07.31"]
[SourceVersion "1"]
[SourceVersionDate "2021.07.31"]
[SourceQuality "1"]

1. d4 f5 2. Bg5 g6 3. h4 h6 4. Bf4 Bg7 5. Nc3 Nf6 6. e3 0-0 7. Qf3 d6 8. Bc4+ Kh7 9. Nge2 Ng4 10. 0-0-0 Nc6 11. Qg3 e5 12. Bg5 Bf6 13. f3 hxg5 14. hxg5+ Kg7 15. gxf6+ Nxf6 16. Rh2 Na5 17. dxe5 Nxc4 18. exf6+ Qxf6 19. Nf4 Kf7 20. Rh7+ Kg8 21. Nfd5 Qe6 22. Re7 1-0

[Event "Speed Chess (Women) Q5"]
[Site "Chess.com INT"]
[Date "2020.06.22"]
[Round "7"]
[White "Kubicka, Anna"]
[Black "Pham, Bich Ngoc"]
[Result "1-0"]
[WhiteElo "2256"]
[BlackElo "2235"]
[PlyCount "151"]
[EventDate "2020.06.22"]
[EventType "swiss (blitz)"]
[EventRounds "13"]
[EventCountry "USA"]
[SourceTitle "CBM 196 Extra"]
[Source "ChessBase"]
[SourceDate "2020.07.31"]
[SourceVersion "1"]
[SourceVersionDate "2020.07.31"]
[SourceQuality "1"]

1. e4 g6 2. d4 Bg7 3. Nc3 d6 4. f4 Nc6 5. Nf3 e6 6. Be3 Nge7 7. Be2 0-0 8. 0-0 f5 9. e5 dxe5 10. dxe5 Nb4 11. Bc5 Nbd5 12. Nxd5 Nxd5 13. Bxf8 Qxf8 14. Qd2 b6 15. c4 Qc5+ 16. Kh1 Ne3 17. Rfe1 Ng4 18. h3 Nf2+ 19. Kh2 Bb7 20. Ng5 Qe7 21. Bf3 Bxf3 22. Nxf3 Ne4 23. Qe3 Qb4 24. b3 Bf8 25. Rad1 Bc5 26. Qc1 Bf2 27. Re2 Bg3+ 28. Kh1 Nf2+ 29. Rxf2 Bxf2 30. Ng5 Re8 31. Rd7 h6 32. Nf7 Qf8 33. Qd2 Bc5 34. Rxc7 Be7 35. Nd6 Rd8 36. Qb2 Bxd6 37. exd6 Rxd6 38. Qe5 Rd1+ 39. Kh2 Rd6 40. Rxa7 g5 41. b4 Rc6 42. a4 gxf4 43. Qxf4 Qd6 44. Qxd6 Rxd6 45. a5 bxa5 46. bxa5 Rc6 47. a6 Rxc4 48. Re7 Rc6 49. a7 Ra6 50. Rb7 e5 51. Rb8+ Kf7 52. a8Q Rxa8 53. Rxa8 e4 54. Ra5 Ke6 55. Kg3 Kf6 56. Kf4 e3 57. Rxf5+ Ke6 58. Re5+ Kd6 59. Rxe3 h5 60. Kg5 h4 61. Kh5 Kd5 62. Re1 Kc4 63. Kxh4 Kd4 64. Re8 Kd3 65. Kg5 Kd2 66. Kf6 Kc2 67. Rd8 Kb3 68. Ke6 Kc3 69. Ke5 Kc4 70. g4 Kb4 71. Rc8 Kb5 72. Kd6 Kb6 73. Rb8+ Ka7 74. Rb1 Ka8 75. Kc7 Ka7 76. Ra1# 1-0

[Event "Speed Chess (Women) Q5"]
[Site "Chess.com INT"]
[Date "2020.06.22"]
[Round "6"]
[White "Pham, Bich Ngoc"]
[Black "Khotenashvili, Bela"]
[Result "0-1"]
[WhiteElo "2235"]
[BlackElo "2458"]
[PlyCount "84"]
[EventDate "2020.06.22"]
[EventType "swiss (blitz)"]
[EventRounds "13"]
[EventCountry "USA"]
[SourceTitle "CBM 196 Extra"]
[Source "ChessBase"]
[SourceDate "2020.07.31"]
[SourceVersion "1"]
[SourceVersionDate "2020.07.31"]
[SourceQuality "1"]

1. g3 g6 2. Bg2 Bg7 3. e4 c5 4. d3 Nc6 5. f4 e6 6. Nf3 Nge7 7. 0-0 d6 8. c3 0-0 9. Be3 b5 10. Na3 Rb8 11. d4 cxd4 12. Nxd4 b4 13. cxb4 Nxb4 14. Rf2 Bd7 15. Nc4 d5 16. Nd6 dxe4 17. Nxe4 Nbd5 18. Bc1 Qb6 19. Nb3 Ba4 20. Bf3 Bxb3 21. Qxb3 Qxb3 22. axb3 Bd4 23. Kg2 Bxf2 24. Kxf2 Rxb3 25. Rxa7 Rc8 26. Ra1 Nf5 27. Bd1 Rb6 28. g4 Nd4 29. g5 Nb3 30. Bxb3 Rxb3 31. Rb1 Rc2+ 32. Kf1 Rxh2 33. Nf2 Rf3 34. Kg1 Rfxf2 35. b4 Rfg2+ 36. Kf1 Rc2 37. Kg1 Nc3 38. Ra1 Rhg2+ 39. Kh1 Rge2 40. Ba3 Ne4 41. b5 Ng3+ 42. Kg1 Rg2# 0-1

[Event "Speed Chess (Women) Q4"]
[Site "Chess.com INT"]
[Date "2020.06.21"]
[Round "3"]
[White "Pham, Bich Ngoc"]
[Black "Hoang, Thi Bao Tram"]
[Result "0-1"]
[WhiteElo "2235"]
[BlackElo "2288"]
[PlyCount "72"]
[EventDate "2020.06.21"]
[EventType "swiss (blitz)"]
[EventRounds "9"]
[EventCountry "USA"]
[SourceTitle "CBM 196 Extra"]
[Source "ChessBase"]
[SourceDate "2020.07.31"]
[SourceVersion "1"]
[SourceVersionDate "2020.07.31"]
[SourceQuality "1"]

1. g3 d5 2. f4 g6 3. Bg2 Bg7 4. Nf3 c6 5. d3 Nh6 6. c3 0-0 7. 0-0 Nd7 8. e4 dxe4 9. dxe4 Nc5 10. Qe2 Qd3 11. Qxd3 Nxd3 12. Na3 Nxc1 13. Raxc1 Be6 14. b3 Rad8 15. h3 Rd3 16. Nb1 Rfd8 17. g4 f5 18. exf5 gxf5 19. g5 Nf7 20. Rfe1 Bd5 21. Nh4 Bxg2 22. Nxg2 e5 23. Nh4 exf4 24. Nxf5 Nxg5 25. Re7 Bf6 26. Nh6+ Kf8 27. Rxb7 Rd1+ 28. Rxd1 Rxd1+ 29. Kg2 Rxb1 30. Rxa7 Bxc3 31. h4 f3+ 32. Kg3 Rg1+ 33. Kh2 f2 34. Ra8+ Ke7 35. Nf5+ Ke6 36. Ne3 Be5# 0-1

[Event "Speed Chess (Women) Q4"]
[Site "Chess.com INT"]
[Date "2020.06.21"]
[Round "4"]
[White "Thipsay, Bagyashree Sathe"]
[Black "Pham, Bich Ngoc"]
[Result "0-1"]
[WhiteElo "2072"]
[BlackElo "2235"]
[PlyCount "116"]
[EventDate "2020.06.21"]
[EventType "swiss (blitz)"]
[EventRounds "9"]
[EventCountry "USA"]
[SourceTitle "CBM 196 Extra"]
[Source "ChessBase"]
[SourceDate "2020.07.31"]
[SourceVersion "1"]
[SourceVersionDate "2020.07.31"]
[SourceQuality "1"]

1. e4 g6 2. d4 Bg7 3. Nc3 d6 4. f4 e6 5. Nf3 Nc6 6. Be3 Nh6 7. h3 0-0 8. Qd2 f5 9. e5 a6 10. 0-0-0 d5 11. Rg1 b5 12. g4 Na5 13. b3 Qe7 14. Nb1 b4 15. c3 Nc6 16. c4 dxc4 17. Bxc4 Bb7 18. d5 exd5 19. Qxd5+ Kh8 20. Bc5 Qe8 21. Bxf8 Qxf8 22. Qd2 Qc5 23. Kb2 Rf8 24. Rc1 Qe7 25. g5 Nf7 26. Bxf7 Qxf7 27. Rgd1 Ne7 28. Nd4 Nd5 29. Nc6 Nxf4 30. Qxf4 Qe6 31. Qc4 Bxe5+ 32. Kc2 Qxc6 33. Qxc6 Bxc6 34. Nd2 Bf4 35. h4 Bb5 36. Rb1 Re8 37. Re1 Rd8 38. Nc4 Bg3 39. Rbd1 Rc8 40. Re7 Bc6 41. Na5 Be4+ 42. Kb2 Bxh4 43. Rdd7 Bxg5 44. Rxh7+ Kg8 45. Rdg7+ Kf8 46. Rh8+ Kxg7 47. Rxc8 Bf6+ 48. Kc1 Be5 49. Nc4 Bf4+ 50. Kd1 g5 51. Nd2 Bd5 52. Ke2 g4 53. Rd8 c6 54. Nf1 Bf3+ 55. Kf2 Be5 56. Re8 Bd6 57. Rd8 Bc5+ 58. Kg3 Kf6 0-1

[Event "Speed Chess (Women) Q2"]
[Site "Chess.com INT"]
[Date "2020.06.19"]
[Round "6"]
[White "Bommini, Mounika Akshaya"]
[Black "Pham, Bich Ngoc"]
[Result "0-1"]
[WhiteElo "2029"]
[BlackElo "2235"]
[PlyCount "84"]
[EventDate "2020.06.19"]
[EventType "swiss (blitz)"]
[EventRounds "13"]
[EventCountry "USA"]
[SourceTitle "CBM 196 Extra"]
[Source "ChessBase"]
[SourceDate "2020.07.31"]
[SourceVersion "1"]
[SourceVersionDate "2020.07.31"]
[SourceQuality "1"]

1. d4 g6 2. c4 Bg7 3. Nc3 d6 4. e4 Nc6 5. d5 Nd4 6. Be3 c5 7. f4 f5 8. Nf3 Nxf3+ 9. Qxf3 fxe4 10. Nxe4 Bxb2 11. Rb1 Qa5+ 12. Bd2 Qxa2 13. Qd3 Nf6 14. Qc2 Nxe4 15. Rxb2 Qa1+ 16. Rb1 Qd4 17. Bc1 0-0 18. Bd3 Qc3+ 19. Qxc3 Nxc3 20. Rb3 Na2 21. Bd2 a5 22. 0-0 Nb4 23. Bb1 a4 24. Ra3 Bd7 25. Be4 b5 26. cxb5 Bxb5 27. Rb1 Bd7 28. Bxb4 cxb4 29. Rxb4 Rxf4 30. g3 Rf7 31. Bc2 Raf8 32. Bxa4 Bh3 33. Rf4 g5 34. Rxf7 Rxf7 35. Ra1 Kg7 36. Bc2 g4 37. Be4 h5 38. Re1 h4 39. Bd3 hxg3 40. hxg3 Rf3 41. Rxe7+ Kf8 42. Rh7 Rxd3 0-1

[Event "Speed Chess (Women) Q2"]
[Site "Chess.com INT"]
[Date "2020.06.19"]
[Round "8"]
[White "Diakonova, Ekaterina"]
[Black "Pham, Bich Ngoc"]
[Result "0-1"]
[WhiteElo "2209"]
[BlackElo "2235"]
[PlyCount "146"]
[EventDate "2020.06.19"]
[EventType "swiss (blitz)"]
[EventRounds "13"]
[EventCountry "USA"]
[SourceTitle "CBM 196 Extra"]
[Source "ChessBase"]
[SourceDate "2020.07.31"]
[SourceVersion "1"]
[SourceVersionDate "2020.07.31"]
[SourceQuality "1"]

1. e4 g6 2. d4 Bg7 3. c4 d6 4. Nc3 Nc6 5. d5 Nd4 6. Be3 c5 7. dxc6 Nxc6 8. Nf3 Nf6 9. Nd4 Ng4 10. Nxc6 bxc6 11. Bd4 e5 12. Be3 Nxe3 13. fxe3 0-0 14. Qd3 Qb6 15. 0-0-0 Bg4 16. Be2 Bxe2 17. Qxe2 Rfd8 18. Rd3 a5 19. Na4 Qb4 20. b3 Rac8 21. Qd2 d5 22. Qxb4 axb4 23. exd5 cxd5 24. Nb6 dxc4 25. Rxd8+ Rxd8 26. Nxc4 e4 27. Rd1 Ra8 28. Kb1 Bc3 29. Nd6 Rd8 30. Kc2 f5 31. Nc4 Ra8 32. Kb1 Kg7 33. g3 Kf6 34. h4 Ke7 35. Rd5 h6 36. Nb6 Rb8 37. Na4 Be1 38. Nb2 Bxg3 39. h5 gxh5 40. Rxf5 h4 41. Rh5 Rh8 42. Nc4 Kf6 43. Nd2 Kg6 44. Rc5 h3 45. Rc1 Re8 46. Nf1 Be5 47. Rc2 h5 48. a4 bxa3 49. Ka2 h4 50. Kxa3 Rf8 51. Nh2 Bg3 52. b4 Rf2 53. Rxf2 Bxf2 54. b5 Bxe3 55. Kb4 Bg1 56. Nf1 h2 57. Nxh2 Bxh2 58. Kc3 h3 59. Kd4 Bb8 60. Kxe4 h2 61. Kd5 h1Q+ 62. Kc4 Qb7 63. Kc5 Kf6 64. Kc4 Ke6 65. Kc5 Kd7 66. Kc4 Kd6 67. Kb4 Kd5 68. Ka4 Kc5 69. Kb3 Qxb5+ 70. Kc3 Qb4+ 71. Kd3 Be5 72. Ke3 Qd4+ 73. Kf3 Kd5 0-1

[Event "Speed Chess (Women) Q2"]
[Site "Chess.com INT"]
[Date "2020.06.19"]
[Round "12"]
[White "Juhasz, Barbara"]
[Black "Pham, Bich Ngoc"]
[Result "1-0"]
[WhiteElo "2223"]
[BlackElo "2235"]
[PlyCount "105"]
[EventDate "2020.06.19"]
[EventType "swiss (blitz)"]
[EventRounds "13"]
[EventCountry "USA"]
[SourceTitle "CBM 196 Extra"]
[Source "ChessBase"]
[SourceDate "2020.07.31"]
[SourceVersion "1"]
[SourceVersionDate "2020.07.31"]
[SourceQuality "1"]

1. e4 g6 2. d4 Bg7 3. Nc3 d6 4. f4 Nc6 5. Nf3 h6 6. d5 Na5 7. Be3 c5 8. h3 Nf6 9. Be2 0-0 10. 0-0 e6 11. dxe6 Bxe6 12. e5 dxe5 13. Bxc5 exf4 14. Bxf8 Qxf8 15. Nd4 g5 16. Nxe6 fxe6 17. Bf3 Qc5+ 18. Kh1 Nc4 19. Qe2 Ne3 20. Rfe1 Rd8 21. Rac1 b6 22. Nd1 Nfd5 23. c4 Nc7 24. Nxe3 fxe3 25. Qxe3 Qxe3 26. Rxe3 Bxb2 27. Rd1 Bd4 28. Re4 e5 29. Rxe5 Bxe5 30. Rxd8+ Kf7 31. Kg1 Ke6 32. Kf1 Na6 33. Ra8 Nb4 34. Rxa7 Nc2 35. Ra6 Ne3+ 36. Ke2 Nxc4 37. Kd3 Nb2+ 38. Ke4 Bc7 39. a4 Nc4 40. Kd4 Na5 41. Bd5+ Kd6 42. Ra8 Kd7 43. Rh8 Bf4 44. Rxh6 Kc7 45. Rh7+ Kd6 46. Rh6+ Kc7 47. Rg6 Bc1 48. g3 Bd2 49. h4 Be1 50. Rxg5 Bf2+ 51. Kd3 Kd7 52. Rg6 Ke7 53. h5 1-0

[Event "Speed Chess (Women) Q2"]
[Site "Chess.com INT"]
[Date "2020.06.19"]
[Round "9"]
[White "Keetman, Maaike"]
[Black "Pham, Bich Ngoc"]
[Result "1/2-1/2"]
[WhiteElo "2169"]
[BlackElo "2235"]
[PlyCount "105"]
[EventDate "2020.06.19"]
[EventType "swiss (blitz)"]
[EventRounds "13"]
[EventCountry "USA"]
[SourceTitle "CBM 196 Extra"]
[Source "ChessBase"]
[SourceDate "2020.07.31"]
[SourceVersion "1"]
[SourceVersionDate "2020.07.31"]
[SourceQuality "1"]

1. e4 g6 2. d4 Bg7 3. Nc3 d6 4. Be3 Nc6 5. Qd2 e5 6. Nf3 h6 7. 0-0-0 exd4 8. Nxd4 Nf6 9. Nxc6 bxc6 10. e5 Ng4 11. exd6 cxd6 12. Qxd6 Qxd6 13. Rxd6 0-0 14. Bc4 Bf5 15. h3 Nxe3 16. fxe3 Rfe8 17. e4 Bxe4 18. Nxe4 Rxe4 19. Rxc6 Rae8 20. Rc7 Rf4 21. Rd1 Rf2 22. Rxa7 Rc8 23. Bb3 Rxg2 24. Bxf7+ Kh7 25. Bb3 Rf8 26. a4 h5 27. Kb1 Kh6 28. Rdd7 Be5 29. h4 Rh8 30. a5 Bg3 31. Bf7 Bxh4 32. Rd6 Bf2 33. Raa6 h4 34. Rxg6+ Rxg6 35. Rxg6+ Kh7 36. Rg2 Bg3 37. Be6 Re8 38. Bh3 Ra8 39. b4 Be1 40. Rg4 Rb8 41. Kb2 Rxb4+ 42. Rxb4 Bxb4 43. a6 Bc5 44. Kb3 Kg6 45. Kc4 Ba7 46. Kb5 Kf6 47. Kc6 Ke5 48. c4 Kd4 49. Kb5 Bc5 50. Bg4 Ba7 51. Bh3 Bc5 52. Bg4 Ba7 53. Bh3 1/2-1/2

[Event "Speed Chess (Women) Q2"]
[Site "Chess.com INT"]
[Date "2020.06.19"]
[Round "5"]
[White "Pham, Bich Ngoc"]
[Black "Gaponenko, Inna"]
[Result "0-1"]
[WhiteElo "2235"]
[BlackElo "2396"]
[PlyCount "46"]
[EventDate "2020.06.19"]
[EventType "swiss (blitz)"]
[EventRounds "13"]
[EventCountry "USA"]
[SourceTitle "CBM 196 Extra"]
[Source "ChessBase"]
[SourceDate "2020.07.31"]
[SourceVersion "1"]
[SourceVersionDate "2020.07.31"]
[SourceQuality "1"]

1. g3 g6 2. Bg2 Bg7 3. d3 c5 4. e4 Nc6 5. f4 e6 6. Nf3 Nge7 7. c3 d5 8. 0-0 0-0 9. Na3 b6 10. Qe2 Ba6 11. e5 d4 12. c4 Qd7 13. Ng5 Rad8 14. Ne4 Nf5 15. g4 Ne3 16. Bxe3 dxe3 17. Nd6 f6 18. Qxe3 fxe5 19. Bxc6 Qxc6 20. fxe5 Rxf1+ 21. Rxf1 Rxd6 22. exd6 Bd4 23. Qxd4 cxd4 0-1

[Event "Speed Chess (Women) Q1"]
[Site "Chess.com INT"]
[Date "2020.06.18"]
[Round "4"]
[White "Bommini, Mounika Akshaya"]
[Black "Pham, Bich Ngoc"]
[Result "0-1"]
[WhiteElo "2029"]
[BlackElo "2235"]
[PlyCount "100"]
[EventDate "2020.06.18"]
[EventType "swiss (blitz)"]
[EventRounds "9"]
[EventCountry "USA"]
[SourceTitle "CBM 196 Extra"]
[Source "ChessBase"]
[SourceDate "2020.07.31"]
[SourceVersion "1"]
[SourceVersionDate "2020.07.31"]
[SourceQuality "1"]

1. d4 g6 2. c4 Bg7 3. Nc3 f5 4. g3 Nf6 5. Bg2 0-0 6. Nf3 d6 7. 0-0 c6 8. b3 Na6 9. Bb2 Ne4 10. Rc1 Qe8 11. d5 e5 12. Nxe4 fxe4 13. Ng5 Bh6 14. Nxe4 Bxc1 15. Bxc1 c5 16. Nxd6 Qd7 17. Nxc8 Raxc8 18. d6 Nb4 19. a3 Nc6 20. Qd5+ Rf7 21. Qxc5 Rf6 22. Bg5 Rxd6 23. Bd5+ Kg7 24. Qe3 Re8 25. f4 h6 26. Bxh6+ Kxh6 27. fxe5+ Kg7 28. Rf7+ Qxf7 29. Bxf7 Rxe5 30. Qf3 Rf6 31. Qd3 Rxf7 32. e4 Rfe7 33. b4 Rxe4 34. b5 Nd4 35. Qc3 Kh7 36. Qd3 Nf5 37. c5 Re1+ 38. Kg2 R7e2+ 39. Kh3 Re3 40. Qd7+ Re7 41. Qd3 R1e3 42. Qd5 R3e5 43. Qd3 Rxc5 44. a4 b6 45. Qd2 Rce5 46. Qg5 Nh6 47. Qd2 Re2 48. Qd3 R2e3 49. Qd2 R3e5 50. Qd5 Rxd5 0-1